000 00788nam a2200229 a 4500
001 BRCA_5053
005 20190320204924.0
008 081110s1944----ag-a######---#000-0#spa-#
041 _aspa
044 _aag
050 4 _aN6310
_b.E97 1944
245 1 0 _aExposición de arte gótico y renacimiento.
260 _aBuenos Aires
_bPeuser
_c1944
300 _a80 p.
_bil., 111 láminas
_c22 cm.
_e1 volante
500 _aCatálogo de la exposición auspiciada por la Asociación para la Lucha contra la Parálisis Infantil (Buenos Aires, Argentina), 13 noviembre - 2 diciembre, 1944
500 _aEjemplar numerado 1,836 de 2,000
500 _aDD26
650 1 4 _aArte gótico
_vExposiciones
_912894
650 1 4 _aArte renacentista
_vExposiciones
_912895
902 _aGFM
942 _2lcc
_cB
999 _c4747
_d4747